Managing research / (Record no. 54164)

MARC details
000 -LEADER
fixed length control field 01058nam a22002897a 4500
005 - DATE AND TIME OF LATEST TRANSACTION
control field 20110721123124.0
008 - FIXED-LENGTH DATA ELEMENTS--GENERAL INFORMATION
fixed length control field 110721t xxu||||| |||| 00| 0 eng d
010 ## - LCCN (DPL NO)
LC control number ENG-103087
020 ## - INTERNATIONAL STANDARD BOOK NUMBER
International Standard Book Number 9780071077484
Terms of availability 325.00
020 ## - INTERNATIONAL STANDARD BOOK NUMBER
International Standard Book Number 0071077480
Terms of availability 325.00
035 ## - SYSTEM CONTROL NUMBER
System control number EN-86620
037 ## - SOURCE OF ACQUISITION
Source of stock number/acquisition DBAD/PUB
040 ## - CATALOGING SOURCE
Original cataloging agency DPL
Language of cataloging Eng
082 ## - DEWEY DECIMAL CLASSIFICATION NUMBER
Classification number 373.0072
100 ## - MAIN ENTRY--PERSONAL NAME
9 (RLIN) 29762
Personal name Bushaway,Robert W.
245 ## - TITLE STATEMENT
Title Managing research /
Statement of responsibility, etc by Robert W. Bushaway
260 ## - PUBLICATION, DISTRIBUTION, ETC. (IMPRINT)
Place of publication, distribution, etc New Delhi
Name of publisher, distributor, etc Tata McGraw Hill
Date of publication, distribution, etc 2011
270 ## - ADDRESS
Address 7, West Petel Nagar
City New Delhi
Postal code 110008
300 ## - PHYSICAL DESCRIPTION
Extent xvi,246p.
Dimensions 23cm (pbk)
490 ## - SERIES STATEMENT
Series statement Managing universities and colleges : guides to good practice ; edited by David Warner [and] David Palfreyman
-- 29811
500 ## - GENERAL NOTE
General note Includes bibliographical references and index
610 ## - SUBJECT ADDED ENTRY--CORPORATE NAME
9 (RLIN) 29771
650 ## - SUBJECT ADDED ENTRY--TOPICAL TERM
9 (RLIN) 29772
700 ## - ADDED ENTRY--PERSONAL NAME
9 (RLIN) 29763
942 ## - ADDED ENTRY ELEMENTS (KOHA)
Source of classification or shelving scheme Dewey Decimal Classification
Item type English Books
Call number suffix BUS
Classification part 373.0072
Holdings
Withdrawn status Lost status Source of classification or shelving scheme Damaged status Not for loan Collection code Home library Current library Date acquired Source of acquisition Cost, normal purchase price Total Checkouts Full call number Barcode Date last seen Copy number Cost, replacement price Koha item type
    Dewey Decimal Classification   Not For Loan Non-fiction D.B.Act.Division D.B.Act.Division 21/07/2011 DBAD/PUB 325.00   373.0072 BUS EN-86620 21/07/2011 1 325.00 English Books

© Delhi Public Library
Hit Counter
free hit counter